000 00634nam a2200169Ia 4500
008 100122s9999 xx 000 0 und d
082 _b45024
_a81
100 _aसावरकर विनायक दामोदर
245 _aस्फृट लेख ( क.क्र.26/4 )
260 _bवीर सावरकर प्रकाशन
_c1962
300 _a248
520 _aस्वा.वीर सावरकर
620 _aस्वा.वीर सावरकर
630 _aस्फृट लेख ( क.क्र.26/4 )
730 _aस्फृट लेख ( क.क्र.26/4 )
942 _cBOOK
999 _c424610
_d424607